Phân lập các dòng vi khuẩn nội sinh có khả năng tổng hợp IAA và cố định đạm trên cây chuối : Báo cáo tổng kết đề tài nghiên cứu khoa học và công nghệ cấp trường

Đề tài phân lập một số dòng vi khuẩn nội sinh trên cây chuối có khả năng tổng hợp IAA và cố định đạm tốt làm tiền đề cho việc sản xuất phân bón vi sinh nhằm tăng năng suất trồng trọt, giảm bớt chi phí sản xuất và nguy cơ ô nhiễm môi...

Cijeli opis

Spremljeno u:
Bibliografski detalji
Glavni autor: Nguyễn, Thị Huỳnh Như
Format: Knjiga
Jezik:Undetermined
Izdano: Cần Thơ Trường Đại học Cần Thơ 2012
Teme:
Oznake: Dodaj oznaku
Bez oznaka, Budi prvi tko označuje ovaj zapis!
Thư viện lưu trữ: Trung tâm Học liệu Trường Đại học Cần Thơ
LEADER 01391nam a2200229Ia 4500
001 CTU_204507
008 210402s9999 xx 000 0 und d
082 |a 579.3 
082 |b Nh550 
088 |a TSV2012-13 
100 |a Nguyễn, Thị Huỳnh Như 
245 0 |a Phân lập các dòng vi khuẩn nội sinh có khả năng tổng hợp IAA và cố định đạm trên cây chuối : 
245 0 |b Báo cáo tổng kết đề tài nghiên cứu khoa học và công nghệ cấp trường 
245 0 |c Nguyễn Thị Huỳnh Như (Chủ nhiệm đề tài) ; Nguyễn Văn Thành (Cán bộ hướng dẫn) ; Nguyễn Thị Ngọc Điệp (Tham gia thực hiện) 
260 |a Cần Thơ 
260 |b Trường Đại học Cần Thơ 
260 |c 2012 
520 |a Đề tài phân lập một số dòng vi khuẩn nội sinh trên cây chuối có khả năng tổng hợp IAA và cố định đạm tốt làm tiền đề cho việc sản xuất phân bón vi sinh nhằm tăng năng suất trồng trọt, giảm bớt chi phí sản xuất và nguy cơ ô nhiễm môi trường. 
650 |a Bacteriology,Vi khuẩn 
904 |i Hải 
915 |a CS 
980 |a Trung tâm Học liệu Trường Đại học Cần Thơ